Poesie /
Il merito principale di Eliot è quello di avere presentato uno dei mondi poetici più compatti e organici del nostro tempo ed una visione alta e profonda della vita moderna e con un ben calcolato metodo poetico che, partito dalla poesia, ha trasportato sul teatro, e con opere memorabili, quei tanti a...
Збережено в:
| Автор: | |
|---|---|
| Інші автори: | |
| Формат: | Книга |
| Мова: | Італійська мова Англійська |
| Опубліковано: |
Parma :
Guanda,
stampa 1955
|
| Редагування: | 5 ed. riveduta e aumentata |
| Серія: | Fenice. Edizione fuori serie ;
4 |
| Предмети: | |
| Теги: |
Немає тегів, Будьте першим, хто поставить тег для цього запису!
|
MARC
| LEADER | 00000nam a22000007i 4500 | ||
|---|---|---|---|
| 001 | IT\ICCU\RAV\0102240 | ||
| 003 | ItRI | ||
| 005 | 20260115232352.0 | ||
| 008 | 900607s1955 it |||||| |||||0|||||c | ||
| 040 | |b ita |c importazione bologna sebina | ||
| 041 | 7 | |a ita |a eng |2 ISO-639-2 | |
| 082 | |a 821.914 |9 POESIA INGLESE. 1945- |2 20 | ||
| 100 | 1 | |a Eliot, T. S. |0 IT\ICCU\CFIV\000958 |4 aut | |
| 240 | 1 | 0 | |a Collected poems 1909-1935. |3 IT\ICCU\CUB\0252980 |9 Eliot, T. S. |
| 245 | 1 | 0 | |a Poesie / |c di T. S. Eliot ; con testo a fronte, traduzione e prefazione di Luigi Berti. |
| 250 | |a 5 ed. riveduta e aumentata | ||
| 260 | |a Parma : |b Guanda, |c stampa 1955 | ||
| 300 | |a 206 p. ; |c 23 cm | ||
| 500 | |a Da |0 IT\ICCU\CUB\0252980 | ||
| 520 | |a Il merito principale di Eliot è quello di avere presentato uno dei mondi poetici più compatti e organici del nostro tempo ed una visione alta e profonda della vita moderna e con un ben calcolato metodo poetico che, partito dalla poesia, ha trasportato sul teatro, e con opere memorabili, quei tanti accenti drammatici dei quali è ricca la stessa poesia eliotiana. La nostra scelta, dunque, è ancora basata sulle divisioni poste dal poeta, le Collected poems 1909-1935, ma è anche arricchita di tutti e dieci i cori di The Rock, e questo per una più documentata testimonianza a un progressivo decorso di quelle idee che, partite dalle astrazioni della filosofia tradizionale, usato il discorso logico ed analitico, sono collegate ad una contrastante teoria della storia ed obbediscono ad una esigenza di polemica contingente | ||
| 650 | 7 | |a Poesia | |
| 650 | 7 | |a Letteratura inglese |x Sec. 20. | |
| 700 | 1 | |a Berti, Luigi, |d (1904-1964) |0 IT\ICCU\CFIV\035332 |4 trl | |
| 790 | 1 | |a Eliot, Thomas S. |3 IT\ICCU\CFIV\253316 |z Eliot, T. S. | |
| 790 | 1 | |a Eliot, Thomas Stearns |3 IT\ICCU\PARV\453431 |z Eliot, T. S. | |
| 790 | 1 | |a Stearns Eliot, Thomas |3 IT\ICCU\SBNV\055547 |z Eliot, T. S. | |
| 830 | 0 | |a Fenice. Edizione fuori serie ; |v 4 |0 IT\ICCU\SBL\0528053 | |
| 942 | |2 ddc |c BK |n 0 | ||
| 952 | |0 0 |1 0 |4 0 |6 DOC_813_520000000000000_ELI |7 0 |9 24937 |a BO |b BO |d 2026-01-15 |i 11105 |l 0 |o DOC 813.52 ELI |p BO11105 |r 2026-01-15 23:23:52 |w 2026-01-15 |x [Sebina 7] [1 v.] |y BK |z 1 v. | ||
| 999 | |c 21187 |d 21187 | ||